00547 a2200157 4500010001400000020002300014035001300037037001600050082001100066100002600077245010400103260003400207270006700241300003100308500005000339 aENG-90159 a8125034617c995.00 aEN-73692 bDBAD / PUB14a306.441 aSkutnabb-Kangas, Tove1 aLinguistic genocide in education-or worldwide diversity and human rights?/cby Tove Skutnabb-Kangas aChennaibOrient Longmanc2008 a160, Anna SalaibChennaie600002mchegeneral@orientlongman.com axxxiii, 785p.c22 cm (Pbk) aIncludes bibliographical references & index.